| 000 | 00938cam a2200325 4500 | ||
|---|---|---|---|
| 001 | J85515 | ||
| 008 | 090401t1994 xxu||||| |||| 00| 0 eng d | ||
| 020 | _a0850730287 | ||
| 035 | _a(Sirsi) u79934 | ||
| 041 | _aeng | ||
| 050 | _a693.71 | ||
| 110 |
_aBritish Constructional Steelwork Association _91564 |
||
| 245 | 4 | _aThe contractual handbook for steelwork fabricators and other sub-contractors. | |
| 250 | _a2nd ed. | ||
| 260 |
_aLondon _bBCSA _c1994 |
||
| 300 | _aca.250p. ; 23cm. | ||
| 350 | _a120 | ||
| 520 | _aKnown as the Orange Book. | ||
| 650 | _aBUILT ENVIRONMENT-BUILDING CONTRACT FORMS | ||
| 650 | _aORANGE BOOK | ||
| 650 | _aSTEELWORK FABRICATORS | ||
| 650 | _aSTRUCTURAL STEELWORK | ||
| 650 | _aSUBCONTRACTING | ||
| 650 | _aSUBCONTRACTORS | ||
| 690 | _aBUILT ENVIRONMENT-BUILDING CONTRACT FORMS | ||
| 700 | _aPrice, Jennie | ||
| 700 |
_aBallard, David _xEditor |
||
| 942 | _n0 | ||
| 948 | _c28/07/1997 | ||
| 999 |
_c96574 _d96574 |
||